[Event "POL-chT U20 2nd League"]
[Site "Sypniewo"]
[Date "2020.??.??"]
[Round "8.62"]
[White "Oklinski, Franciszek"]
[Black "Lochinski, Pawel"]
[Result "1/2-1/2"]
[WhiteElo "1173"]
[BlackElo "1426"]
[PlyCount "93"]
[EventDate "2020.10.23"]
[EventType "team-swiss"]
[EventRounds "9"]
[EventCountry "POL"]
[SourceTitle "CBM 199 Extra"]
[Source "ChessBase"]
[SourceDate "2021.01.31"]
[SourceVersion "1"]
[SourceVersionDate "2021.01.31"]
[SourceQuality "1"]

1. e4 c5 2. Nf3 d6 3. d4 cxd4 4. Nxd4 Nf6 5. Nc3 Nc6 6. Bb5 Bd7 7. Be3 g6 8. f3 a6 9. Nxc6 bxc6 10. Bc4 Bg7 11. Qd2 c5 12. Bh6 0-0 13. Bxg7 Kxg7 14. g4 Qb6 15. b3 Bb5 16. g5 Nh5 17. Nd5 Qb7 18. Qc3+ Kg8 19. a4 Bxc4 20. Qxc4 e6 21. Nf6+ Nxf6 22. gxf6 Qb4+ 23. Qxb4 cxb4 24. 0-0-0 Rfd8 25. Rd2 Rac8 26. Rhd1 Rc6 27. a5 Rdc8 28. Rxd6 Rxc2+ 29. Kb1 h5 30. Rd8+ Kh7 31. Rxc8 Rxc8 32. Rd7 g5 33. Rxf7+ Kg6 34. Rb7 Kxf6 35. Rxb4 Rc3 36. Rb6 Rxf3 37. Rxa6 Rxb3+ 38. Ka2 Rb5 39. Ka3 Ke5 40. Ka4 Rb1 41. Rb6 Ra1+ 42. Kb5 g4 43. a6 h4 44. Rb7 Kxe4 45. Re7 Kf3 46. Rxe6 Kg2 47. Rg6 1/2-1/2